La llamada de la selva: texto completo

保存先:
書誌詳細
第一著者: London, Jack (autor)
フォーマット: 図書
言語:スペイン語
出版事項: Santiago Andrés Bello 1994
シリーズ:Gran biblioteca Icarito
主題:
タグ: タグ追加
タグなし, このレコードへの初めてのタグを付けませんか!

MARC

LEADER 00000nam a2200000 a 4500
001 UCY2396
003 CL-VaPUC
008 941024e19940000CL |||||||||||||||||spa|d
082 0 4 |a 813  |b LON  |2 21 
100 |a London, Jack  |e autor  |9 342822 
245 1 3 |a La llamada de la selva: texto completo 
300 |a 91 p 
942 |c BK 
945 |d 19941024 00:00:00  |a mfernand 
260 |a Santiago  |b Andrés Bello  |c 1994 
650 0 |a Novelas estadounidenses  |9 265217 
583 |a last modification  |c 20180726 10:37:33  |k Rodrigo Vera 
490 0 |a Gran biblioteca Icarito 
999 |c 230815  |d 230813 
952 |0 0  |1 0  |4 0  |6 813_000000000000000_LON_1994  |7 0  |8 A  |9 233349  |a BIBEDU  |b BIBEDU  |d 2019-11-15  |i 302976K  |o 813 LON 1994  |p 302976K  |r 2019-11-15  |w 2019-11-15  |y BK  |k EDU